Statistics for Flags of Europe

Click here to take the quiz!

General Stats

  • This quiz has been taken 31 times
  • The average score is 15 of 16

Answer Stats

Answer% Correct
France
100%
Albania
96%
Italy
96%
Malta
96%
Monaco
96%
North Macedonia
96%
Norway
96%
Poland
96%
Ukraine
96%
United Kingdom
96%
Vatican City
96%
Cyprus
91%
Denmark
91%
Hungary
91%
Luxembourg
91%
Romania
91%

Score Distribution

Percentile by Number Answered

Percent of People with Each Score

Your Score History

You have not taken this quiz